000 00517cam a2200205ua 4500
001 10775
005 20260515114647.0
008 190403n ii |||gr||||Z||||||eng
020 _a9789382135333
040 _cMAIN
082 _a338.95416
245 _aEconomic development of north east india
_cBy R Kumar and S Ram
250 _a1st ed.
260 _aDelhi:
_bArpan publications,
_c2013.
300 _a375p.
653 _aProduction
700 _aR Kumar,
_eAuthor.,
700 _aS Ram,
_eAuthor.
942 _cBK
999 _c9727
_d9727